00561nam a2200181Ia 450000500170000000800410001702000080005808200130006624500780007926000550015730000150021265000130022765000090024065000150024994200060026495200940027099900150036420240909021249.0240331s9999 xx 000 0 und d a  bCENa707 0aCenter 21 :brecord of activities and research reports June 2000-May 2001 aWashingtonbTrustees of the national Galleryc2001 a192 p .,  aCultural aArts aFellowship cL 001040708LaWERCLbWERCLcSSCd2024-03-31l0o 707 CENp813r2024-03-31w2024-03-31yL c3064d3064